000 00667nam a2200241Ia 4500
003 OSt
005 20220918181728.0
006 a|||||r|||| 00| 0
007 ta
008 220917b |||||||| |||| 00| 0 eng d
024 _a28,271
037 _cTextual
040 _aARTS
_cARTS
_beng
041 _2eng
_aeng
082 _aO111,1N32:gx, L7
100 _aButscher Edward ed
_959114
245 0 _aSylvia Plath
_b the woman and the work
260 _an.Y
_bDodd Mead & Co.
_c1977
300 _axiii,239p. illus
_ccm.
650 _aENGLISH LITERATURE
942 _hO111,1N32:gx, L7
_cTEXL
_2CC
999 _c166615
_d166615